MARC details
| 000 -CABECERA |
| campo de control de longitud fija |
01196nam a2200253 a 4500 |
| 001 - NÚMERO DE CONTROL |
| campo de control |
000026982 |
| 003 - IDENTIFICADOR DEL NÚMERO DE CONTROL |
| campo de control |
DO-SdBNP |
| 005 - FECHA Y HORA DE LA ÚLTIMA TRANSACCIÓN |
| campo de control |
20220525090806.0 |
| 007 - CAMPO FIJO DE DESCRIPCIÓN FÍSICA--INFORMACIÓN GENERAL |
| campo de control de longitud fija |
ta |
| 008 - DATOS DE LONGITUD FIJA--INFORMACIÓN GENERAL |
| campo de control de longitud fija |
110328s1986 dr 000 0 spa d |
| 040 ## - FUENTE DE LA CATALOGACIÓN |
| Centro catalogador/agencia de origen |
DO-SdBNP |
| Lengua de catalogación |
spa |
| Centro/agencia transcriptor |
BNPHU |
| 082 #4 - NÚMERO DE LA CLASIFICACIÓN DECIMAL DEWEY |
| Número de clasificación |
324.63 |
| Número de documento/Ítem |
C719n |
| Número de edición |
22 |
| 111 2# - ENTRADA PRINCIPAL--NOMBRE DE CONGRESO/REUNIÓN |
| Nombre de congreso/reunión o jurisdicción como elemento de entrada |
Coloquio Experiencias del Sistema Electoral : evaluación y perspectivas |
| Fecha del congreso/reunión |
(1986 : |
| Sede del congreso/Lugar de la reunión |
Santo Domingo |
| 9 (RLIN) |
54080 |
| 245 11 - MENCIÓN DE TÍTULO |
| Título |
Y nadie sabe quíen es su legislador ... |
| 260 ## - PUBLICACIÓN, DISTRIBUCIÓN, ETC. |
| Lugar de publicación, distribución, etc. |
Santo Domingo : |
| Nombre del editor, distribuidor, etc. |
Universidad APEC, |
| -- |
Fundación Friedrich Ebert, |
| Fecha de publicación, distribución, etc. |
1986. |
| 300 ## - DESCRIPCIÓN FÍSICA |
| Extensión |
89 p. ; |
| Dimensiones |
23 cm. |
| 505 0# - NOTA DE CONTENIDO CON FORMATO |
| Nota de contenido con formato |
Partidos políticos y dinámica electoral 1966-1986 -- |
| Título |
La experiencia de la comisión de asesores electorales -- |
| -- |
La organización de un proceso electoral: la experiencia de 1986 -- |
| -- |
Panel: El congreso ante el sistema electoral -- |
| -- |
Palabras finales. |
| 590 ## - NOTA LOCAL (RLIN) |
| Nota local |
Inventariado, 2019/MFF |
| 650 #4 - PUNTO DE ACCESO ADICIONAL DE MATERIA--TÉRMINO DE MATERIA |
| Término de materia o nombre geográfico como elemento de entrada |
Sufragio |
| Subdivisión general |
República dominicana |
| Subdivisión de forma |
Congresos, confeencias, etc. |
| 9 (RLIN) |
54081 |
| 650 #4 - PUNTO DE ACCESO ADICIONAL DE MATERIA--TÉRMINO DE MATERIA |
| Término de materia o nombre geográfico como elemento de entrada |
Elecciones |
| Subdivisión geográfica |
República Dominicana |
| Subdivisión de forma |
Congresos, conferemcias, etc. |
| 9 (RLIN) |
54082 |
| 710 2# - PUNTO DE ACCESO ADICIONAL--NOMBRE DE ENTIDAD CORPORATIVA |
| Nombre de entidad corporativa o nombre de jurisdicción como elemento de entrada |
Acción Pró Educación y Cultura (República Dominicana) |
| 9 (RLIN) |
7810 |
| 910 ## - DATOS DE OPCIÓN DEL USUARIO (OCLC) |
| Datos de opción del usuario |
Validado. Control de calidad EMS |
| 942 ## - ELEMENTOS DE PUNTO DE ACCESO ADICIONAL (KOHA) |
| Fuente del sistema de clasificación o colocación |
Dewey Decimal Classification |
| Tipo de ítem Koha |
Libro |